| 000 | 01439nam a2200253Ia 4500 | ||
|---|---|---|---|
| 003 | Ost | ||
| 005 | 20260507075245.0 | ||
| 008 | 260507s9999||||xx |||||||||||||| ||und|| | ||
| 040 | _cfsecg | ||
| 041 | _aara | ||
| 082 | _a330 | ||
| 100 |
_aالفريجات، خضير كاظم حمود _eمؤلف |
||
| 245 | 0 |
_aالسلوك التنظيمي : _bمفاهيم معاصرة / _c خضير كاظم حمود الفريجات |
|
| 260 |
_aعمان: _bاثراء للنشر, _c2009 |
||
| 300 |
_a368 صفحة؛ _bإيضاحات ؛ _c24 سم |
||
| 504 | _aمراجع ص.357 | ||
| 520 | _aمفاهيم و اهمية السلوك التنظيمي ، النظريات الادارية و السلوك التنظيمي ، محددات السلوك التنظيمي ، الدافعية و الرضا الوظيفي ، الشخصية ، الادراك ، القيم ، الاتجاهات ، التعلم ، جماعات العمل ، القيادة ، المناخ التنظيمي و الثقافة التنظيمية ، إدارة ضغوط العمل التوتر التنظيمي ، الصراع التنظيمي ، و أخيرا التغيير و التطوير التنظيمي . | ||
| 653 | _aالإدارة | ||
| 653 | _aالسلوك | ||
| 653 | _aالسلوك الإداري | ||
| 700 |
_aالشهابي، انعام _eمؤلف ثانوي |
||
| 700 |
_aاللوزي، موسى سلامة _eمؤلف ثانوي |
||
| 942 | _cكتاب | ||
| 999 |
_c43655 _d43655 |
||